[Event "Cologne Longerich op-B 12th"]
[Site "Cologne"]
[Date "2013.07.20"]
[Round "3"]
[White "Schroeter, Sophie"]
[Black "Smets, Heike"]
[Result "1-0"]
[WhiteElo "988"]
[BlackElo "1445"]
[PlyCount "133"]
[EventDate "2013.07.19"]
[EventType "tourn"]
[EventRounds "5"]
[EventCountry "GER"]
[SourceTitle "EXT 2017"]
[Source "ChessBase"]
[SourceDate "2016.10.25"]
[SourceVersion "1"]
[SourceVersionDate "2016.10.25"]
[SourceQuality "1"]

1. e4 e5 2. Nf3 d6 3. Nc3 Nf6 4. d4 Bg4 5. dxe5 Bxf3 6. gxf3 dxe5 7. Qxd8+ Kxd8 8. Bg5 Be7 9. 0-0-0+ Ke8 10. Bc4 Nc6 11. Bxf6 Bxf6 12. Nd5 Bg5+ 13. Kb1 Rc8 14. Rhg1 f6 15. Ne3 Nd4 16. Rg3 Rd8 17. c3 b5 18. cxd4 bxc4 19. Nxc4 Kf7 20. Rgg1 Rxd4 21. Rxd4 exd4 22. Rd1 c5 23. Nd6+ Ke6 24. Nb7 Rc8 25. Kc2 Bf4 26. h3 Bc7 27. Nxc5+ Kf7 28. Kd3 Bb6 29. Na4 Rb8 30. Rc1 Ba5 31. b3 Rd8 32. Rc4 Be1 33. Ke2 Ba5 34. b4 d3+ 35. Kd2 Bb6 36. Nxb6 axb6 37. Rc7+ Kg6 38. Rb7 Ra8 39. Kxd3 Rxa2 40. Ke3 Rb2 41. Rxb6 Kg5 42. Rb7 Rb3+ 43. Ke2 Kh6 44. b5 g5 45. Rb8 Kh5 46. Rf8 Rxb5 47. Rxf6 Re5 48. Kf1 Rc5 49. Kg2 Re5 50. Kg3 h6 51. f4 Rxe4 52. fxg5 hxg5 53. f3 Ra4 54. Rf5 Kg6 55. Re5 Rf4 56. Re4 Kf5 57. Re8 Kg6 58. Re1 Kf5 59. Rh1 Rh4 60. Kf2 Kf4 61. Ke2 Kg3 62. Rg1+ Kf4 63. Rg4+ Rxg4 64. hxg4 Kg3 65. Ke3 Kh4 66. Ke4 Kg3 67. Kf5 1-0

[Event "Cologne Longerich op-B 12th"]
[Site "Cologne"]
[Date "2013.07.20"]
[Round "2"]
[White "Smets, Heike"]
[Black "Eichhorn, Mike"]
[Result "0-1"]
[WhiteElo "1445"]
[BlackElo "1354"]
[PlyCount "104"]
[EventDate "2013.07.19"]
[EventType "tourn"]
[EventRounds "5"]
[EventCountry "GER"]
[SourceTitle "EXT 2017"]
[Source "ChessBase"]
[SourceDate "2016.10.25"]
[SourceVersion "1"]
[SourceVersionDate "2016.10.25"]
[SourceQuality "1"]

1. d4 d5 2. Bf4 c6 3. e3 Qb6 4. b3 Nf6 5. Be2 Bf5 6. Nf3 Nbd7 7. 0-0 e6 8. Nbd2 Be7 9. c4 dxc4 10. Nxc4 Qd8 11. Nfe5 Nd5 12. g4 Nxf4 13. exf4 Be4 14. Bf3 Bd5 15. Nxd7 Bxc4 16. Re1 Bxb3 17. Qxb3 Qxd7 18. Rad1 0-0 19. g5 g6 20. Bg4 Qc7 21. Bxe6 fxe6 22. Qxe6+ Rf7 23. Re4 Qd6 24. Qb3 Qd5 25. Qe3 Qd7 26. Re1 Re8 27. Qb3 Kg7 28. Qc3 Qd5 29. Re5 Qd7 30. d5 Kg8 31. dxc6 bxc6 32. Qb3 Kf8 33. Qc3 Kg8 34. Qc4 Qg4+ 35. Kh1 Qd7 36. f3 Kg7 37. Qc3 Kg8 38. Qc4 Qb7 39. a3 a6 40. f5 gxf5 41. Rxf5 Ref8 42. Rg1 Kg7 43. Qd4+ Kg6 44. Rxf7 Kxf7 45. h4 Qc8 46. Rg3 Qc7 47. Rg4 Qd6 48. Qe4 Ke8 49. f4 Qxa3 50. Qxc6+ Kd8 51. Qd5+ Kc7 52. f5 Qh3+ 0-1

[Event "Cologne Longerich op 09th"]
[Site "Cologne"]
[Date "2012.08.05"]
[Round "3"]
[White "Beissel, Daniel"]
[Black "Smets, Heike"]
[Result "1-0"]
[WhiteElo "1599"]
[BlackElo "1445"]
[PlyCount "95"]
[EventDate "2012.08.03"]
[EventType "tourn"]
[EventRounds "5"]
[EventCountry "GER"]
[SourceTitle "EXT 2017"]
[Source "ChessBase"]
[SourceDate "2016.10.25"]
[SourceVersion "1"]
[SourceVersionDate "2016.10.25"]
[SourceQuality "1"]

1. d4 e6 2. c4 Bb4+ 3. Bd2 Bxd2+ 4. Qxd2 Nf6 5. g3 0-0 6. Nf3 c6 7. Bg2 Ne4 8. Qc2 d5 9. Nbd2 Nxd2 10. Nxd2 Qf6 11. e3 Nd7 12. 0-0 e5 13. dxe5 Nxe5 14. cxd5 cxd5 15. Bxd5 Bh3 16. Bg2 Qh6 17. Qe4 Ng4 18. Bxh3 Qxh3 19. Qg2 Qh6 20. Nf3 Rae8 21. h3 Nf6 22. Rac1 Re7 23. Rc2 Nd5 24. Rd1 Nb4 25. Rc4 Qb6 26. a3 Nc6 27. b4 Rd8 28. Rxd8+ Qxd8 29. Nd4 Ne5 30. Qd5 Re8 31. Qxd8 Rxd8 32. Rc7 Rb8 33. Nb5 a6 34. Nd6 b5 35. Ra7 g6 36. f4 Nc4 37. Nxc4 bxc4 38. Rc7 Re8 39. Kf2 Re4 40. Kf3 f5 41. g4 h6 42. gxf5 gxf5 43. Rc6 c3 44. Rxc3 Kg7 45. Rc6 a5 46. Rc5 Kg6 47. Rxa5 Kh5 48. Rxf5+ 1-0

[Event "Cologne Longerich op 09th"]
[Site "Cologne"]
[Date "2012.08.04"]
[Round "2"]
[White "Smets, Heike"]
[Black "Statz, Samuel"]
[Result "0-1"]
[WhiteElo "1445"]
[BlackElo "1463"]
[PlyCount "74"]
[EventDate "2012.08.03"]
[EventType "tourn"]
[EventRounds "5"]
[EventCountry "GER"]
[SourceTitle "EXT 2017"]
[Source "ChessBase"]
[SourceDate "2016.10.25"]
[SourceVersion "1"]
[SourceVersionDate "2016.10.25"]
[SourceQuality "1"]

1. d4 Nf6 2. c4 c5 3. Nf3 e6 4. Bf4 cxd4 5. Nxd4 e5 6. Bxe5 Qa5+ 7. Nc3 Qxe5 8. a3 Nc6 9. Nf3 Qc7 10. e3 Be7 11. Bd3 0-0 12. 0-0 Ne5 13. Nxe5 Qxe5 14. Qc2 Ng4 15. Bxh7+ Kh8 16. g3 Qh5 17. h4 Qxh7 18. Qxh7+ Kxh7 19. Nd5 Bf6 20. Rab1 d6 21. Rfd1 Bf5 22. Nxf6+ Nxf6 23. Rbc1 Rac8 24. f3 Be6 25. b3 d5 26. c5 Nd7 27. b4 Ne5 28. Kf2 Rfd8 29. a4 Bf5 30. Rc3 Nd3+ 31. Rcxd3 Bxd3 32. Rxd3 a5 33. Rb3 axb4 34. Rxb4 Rxc5 35. Rxb7 Rc2+ 36. Ke1 Ra2 37. Rxf7 Rb8 0-1